[Event "Bialystok Zamenhof Memorial 35th"]
[Site "Bialystok"]
[Date "2016.12.30"]
[Round "8"]
[White "Kostyra, Stanislaw"]
[Black "Drozdowski, Konrad"]
[Result "1/2-1/2"]
[WhiteElo "2230"]
[BlackElo "2024"]
[PlyCount "21"]
[EventDate "2016.12.27"]
[EventType "swiss (rapid)"]
[EventRounds "9"]
[EventCountry "POL"]
[SourceTitle "CBM 176 Extra"]
[Source "ChessBase"]
[SourceDate "2017.03.02"]
[SourceVersion "1"]
[SourceVersionDate "2017.03.02"]
[SourceQuality "1"]

1. d4 d5 2. Nf3 Nf6 3. c4 dxc4 4. e3 e6 5. Bxc4 c5 6. 0-0 a6 7. a4 Nc6 8. Qe2 Qc7 9. Nc3 Be7 10. Rd1 0-0 11. Bd2 1/2-1/2

[Event "Bialystok Zamenhof Memorial 35th"]
[Site "Bialystok"]
[Date "2016.12.30"]
[Round "7"]
[White "Sroka, Janusz"]
[Black "Kostyra, Stanislaw"]
[Result "1/2-1/2"]
[WhiteElo "2045"]
[BlackElo "2230"]
[PlyCount "41"]
[EventDate "2016.12.27"]
[EventType "swiss (rapid)"]
[EventRounds "9"]
[EventCountry "POL"]
[SourceTitle "CBM 176 Extra"]
[Source "ChessBase"]
[SourceDate "2017.03.02"]
[SourceVersion "1"]
[SourceVersionDate "2017.03.02"]
[SourceQuality "1"]

1. e4 c5 2. g3 Nc6 3. Bg2 g6 4. d3 Bg7 5. c3 d6 6. f4 e5 7. Nf3 Nge7 8. 0-0 exf4 9. gxf4 Bg4 10. h3 Bh5 11. Be3 0-0 12. Nbd2 Qd7 13. Qc2 Rae8 14. Rae1 h6 15. a3 b6 16. d4 Bxf3 17. Nxf3 cxd4 18. Nxd4 Nxd4 19. cxd4 f5 20. e5 d5 21. Qb3 1/2-1/2

[Event "Bialystok Zamenhof Memorial 35th"]
[Site "Bialystok"]
[Date "2016.12.29"]
[Round "5"]
[White "Kostyra, Stanislaw"]
[Black "Wisniewski, Jacek"]
[Result "1-0"]
[WhiteElo "2230"]
[BlackElo "1878"]
[PlyCount "77"]
[EventDate "2016.12.27"]
[EventType "swiss (rapid)"]
[EventRounds "9"]
[EventCountry "POL"]
[SourceTitle "CBM 176 Extra"]
[Source "ChessBase"]
[SourceDate "2017.03.02"]
[SourceVersion "1"]
[SourceVersionDate "2017.03.02"]
[SourceQuality "1"]

1. d4 d5 2. Nf3 Nc6 3. c4 Bg4 4. cxd5 Bxf3 5. gxf3 Qxd5 6. e3 e5 7. Nc3 Bb4 8. Bd2 Bxc3 9. bxc3 Qd6 10. Rb1 b6 11. Rg1 g6 12. h4 Nge7 13. Qa4 0-0-0 14. Bc1 Nd5 15. Rb3 exd4 16. cxd4 Rhe8 17. Bb5 Ndb4 18. Kf1 a5 19. Rxb4 Qxb4 20. Bxc6 Qxa4 21. Bxa4 Re6 22. Bb2 c6 23. Ke2 Rd7 24. f4 b5 25. Bb3 Re8 26. Rc1 Kb7 27. Kd3 Kb6 28. Ba3 a4 29. Bd1 f5 30. Bf3 Re6 31. Bc5+ Ka5 32. a3 Ka6 33. Kc3 Ka5 34. Rg1 Rd8 35. h5 Rh8 36. d5 cxd5 37. Bxd5 Ra6 38. Bb4+ Kb6 39. hxg6 1-0

[Event "Bialystok-ch"]
[Site "Bialystok"]
[Date "2015.??.??"]
[Round "7"]
[White "Kosakowski, Jakub"]
[Black "Kostyra, Stanislaw"]
[Result "1-0"]
[WhiteElo "2191"]
[BlackElo "2243"]
[PlyCount "83"]
[EventDate "2015.05.01"]
[EventType "swiss"]
[EventRounds "9"]
[EventCountry "POL"]
[SourceTitle "CBM 166 Extra"]
[Source "ChessBase"]
[SourceDate "2015.06.18"]
[SourceVersion "1"]
[SourceVersionDate "2015.06.18"]
[SourceQuality "1"]

1. e4 e5 2. Nf3 Nc6 3. Bb5 a6 4. Ba4 Bc5 5. c3 b5 6. Bb3 Nf6 7. d4 exd4 8. e5 Ne4 9. Bd5 Nxf2 10. Kxf2 dxc3+ 11. Kf1 cxb2 12. Bxb2 0-0 13. Nbd2 Rb8 14. Ne4 Be7 15. Kf2 Nb4 16. Bb3 Bb7 17. Re1 a5 18. a3 Na6 19. Kg1 Bxe4 20. Rxe4 Nc5 21. Re2 Nxb3 22. Qxb3 a4 23. Qc2 c5 24. Rd1 Rb7 25. Red2 Qc8 26. Rd5 h6 27. Nd2 Qc6 28. Ne4 Rc7 29. Nf6+ gxf6 30. exf6 Bxf6 31. Rd6 Bd4+ 32. R1xd4 cxd4 33. Rxc6 Rxc6 34. Qd3 Re8 35. Qxd4 f6 36. Qxd7 Ree6 37. Qd5 Rb6 38. Bxf6 Rbd6 39. Qa8+ Kf7 40. Bc3 Rd1+ 41. Kf2 Rc1 42. Qb7+ 1-0

[Event "Bialystok Bieluczyk Memorial 7th"]
[Site "Bialystok"]
[Date "2015.??.??"]
[Round "9"]
[White "Kostyra, Stanislaw"]
[Black "Kondrusik, Aleksander"]
[Result "1-0"]
[WhiteElo "2228"]
[BlackElo "1558"]
[PlyCount "41"]
[EventDate "2015.06.27"]
[EventType "swiss"]
[EventRounds "9"]
[EventCountry "POL"]
[SourceTitle "CBM 167 Extra"]
[Source "ChessBase"]
[SourceDate "2015.09.14"]
[SourceVersion "1"]
[SourceVersionDate "2015.09.14"]
[SourceQuality "1"]

1. d4 d5 2. c4 e6 3. Nf3 Nf6 4. Nc3 Be7 5. Bf4 c6 6. e3 Nbd7 7. Bd3 0-0 8. h3 h6 9. Rc1 dxc4 10. Bxc4 Nd5 11. Bh2 N7f6 12. 0-0 Bd6 13. Ne5 Nxc3 14. bxc3 Qc7 15. Bd3 Bxe5 16. Bxe5 Qe7 17. c4 Nd7 18. Bg3 c5 19. dxc5 Nxc5 20. Bd6 Qg5 21. f4 1-0

[Event "Bialystok-ch"]
[Site "Bialystok"]
[Date "2015.??.??"]
[Round "4"]
[White "Kostyra, Stanislaw"]
[Black "Olhovik, Andrei"]
[Result "0-1"]
[WhiteElo "2243"]
[BlackElo "2308"]
[PlyCount "90"]
[EventDate "2015.05.01"]
[EventType "swiss"]
[EventRounds "9"]
[EventCountry "POL"]
[SourceTitle "CBM 166 Extra"]
[Source "ChessBase"]
[SourceDate "2015.06.18"]
[SourceVersion "1"]
[SourceVersionDate "2015.06.18"]
[SourceQuality "1"]

1. d4 Nf6 2. Nf3 e6 3. c4 Bb4+ 4. Bd2 Qe7 5. g3 Nc6 6. Bg2 Bxd2+ 7. Qxd2 Ne4 8. Qc2 Qb4+ 9. Nc3 Nxc3 10. bxc3 Qxc4 11. 0-0 d6 12. Rab1 a5 13. a3 Qa6 14. c4 Qa7 15. e3 h6 16. d5 Nd8 17. Nd4 0-0 18. dxe6 Nxe6 19. Nf5 Nc5 20. Ne7+ Kh8 21. Nd5 Qb8 22. Nf4 Bd7 23. Qc3 Bf5 24. Rb5 a4 25. h3 Qc8 26. g4 Bd7 27. Rb4 Bc6 28. Nh5 f6 29. Bd5 Qe8 30. Nf4 f5 31. Kh2 Ne4 32. Qd4 fxg4 33. hxg4 Ng5 34. Kg3 Rf6 35. Rh1 Qe5 36. Bxc6 bxc6 37. Qxe5 dxe5 38. Nd3 Rd8 39. Rd1 Rfd6 40. Rxa4 Rxd3 41. Rxd3 Rxd3 42. Ra6 Kh7 43. Rxc6 e4 44. Rxc7 Rxa3 45. Kh4 Ra1 0-1

[Event "Bialystok Bieluczyk Memorial 7th"]
[Site "Bialystok"]
[Date "2015.??.??"]
[Round "7"]
[White "Kostyra, Stanislaw"]
[Black "Pytel, Maciej"]
[Result "1/2-1/2"]
[WhiteElo "2228"]
[BlackElo "1775"]
[PlyCount "63"]
[EventDate "2015.06.27"]
[EventType "swiss"]
[EventRounds "9"]
[EventCountry "POL"]
[SourceTitle "CBM 167 Extra"]
[Source "ChessBase"]
[SourceDate "2015.09.14"]
[SourceVersion "1"]
[SourceVersionDate "2015.09.14"]
[SourceQuality "1"]

1. d4 Nf6 2. c4 e6 3. Nc3 Bb4 4. e3 Bxc3+ 5. bxc3 b6 6. Ba3 Bb7 7. f3 d6 8. Bd3 Nbd7 9. Ne2 e5 10. Ng3 g6 11. Qc2 Qe7 12. 0-0 h5 13. Ne4 Nh7 14. c5 d5 15. Qb3 Qe6 16. Nf2 h4 17. h3 Nhf6 18. c4 Rh5 19. e4 c6 20. exd5 cxd5 21. Rae1 Rg5 22. Bc1 Rh5 23. Bf4 Kf8 24. Ng4 e4 25. Nxf6 Nxf6 26. fxe4 dxe4 27. d5 Qc8 28. Bd6+ Kg7 29. Qc3 Rf5 30. Bxe4 bxc5 31. Bxf5 gxf5 32. Be7 1/2-1/2

[Event "Bialystok-ch"]
[Site "Bialystok"]
[Date "2015.??.??"]
[Round "9"]
[White "Kostyra, Stanislaw"]
[Black "Widelski, Kacper"]
[Result "1-0"]
[WhiteElo "2243"]
[BlackElo "1744"]
[PlyCount "109"]
[EventDate "2015.05.01"]
[EventType "swiss"]
[EventRounds "9"]
[EventCountry "POL"]
[SourceTitle "CBM 166 Extra"]
[Source "ChessBase"]
[SourceDate "2015.06.18"]
[SourceVersion "1"]
[SourceVersionDate "2015.06.18"]
[SourceQuality "1"]

1. d4 Nf6 2. c4 g6 3. Nc3 Bg7 4. g3 0-0 5. Bg2 d6 6. Nf3 Nc6 7. d5 Na5 8. Qd3 e5 9. e4 b6 10. b4 Nb7 11. a3 h6 12. Bb2 Ne8 13. Nd2 f5 14. 0-0-0 f4 15. f3 g5 16. gxf4 gxf4 17. h4 Bf6 18. h5 a5 19. Bh3 Bxh3 20. Rxh3 axb4 21. axb4 Bg5 22. Kc2 Nf6 23. Nb5 Qd7 24. Rdh1 Qf7 25. Kb3 Rfc8 26. Ra1 Nxh5 27. Rxa8 Rxa8 28. Nxc7 Qxc7 29. Rxh5 Qd7 30. Kc2 Qa4+ 31. Qb3 Qe8 32. Rh1 b5 33. Kd3 Rc8 34. Rc1 Bh4 35. Rh1 bxc4+ 36. Nxc4 Qb5 37. Qc3 Bf2 38. Rxh6 Bd4 39. Qc2 Qxc4+ 40. Qxc4 Rxc4 41. Kxc4 Bxb2 42. Kb5 Kg7 43. Rh2 Bd4 44. Kc6 Nd8+ 45. Kxd6 Nf7+ 46. Kc7 Ng5 47. Rg2 Kf6 48. Rxg5 Kxg5 49. d6 Kh4 50. d7 Kg3 51. d8Q Kxf3 52. b5 Ke2 53. b6 Bxb6+ 54. Kxb6 f3 55. Kc5 1-0

[Event "Kresowy 6th"]
[Site "Sokolka"]
[Date "2015.??.??"]
[Round "5"]
[White "Ocytko, Michal"]
[Black "Kostyra, Stanislaw"]
[Result "0-1"]
[WhiteElo "1153"]
[BlackElo "2228"]
[PlyCount "44"]
[EventDate "2015.07.06"]
[EventType "tourn"]
[EventRounds "7"]
[EventCountry "POL"]
[SourceTitle "EXT 2018"]
[Source "ChessBase"]
[SourceDate "2017.10.13"]
[SourceVersion "1"]
[SourceVersionDate "2017.10.13"]
[SourceQuality "1"]

1. e3 f5 2. Nc3 Nf6 3. f3 e5 4. Qe2 Nc6 5. a3 d5 6. b4 Be6 7. Bb2 Qd7 8. h3 Be7 9. g4 0-0 10. gxf5 Bxf5 11. e4 Nd4 12. Qd3 Be6 13. Nxd5 Nxd5 14. Bxd4 Nf4 15. Qe3 Bh4+ 16. Kd1 exd4 17. Qxf4 Rxf4 18. Be2 a5 19. bxa5 Rxa5 20. d3 Qc6 21. Rh2 Qc3 22. Rb1 Qe1# 0-1

[Event "Bialystok-ch"]
[Site "Bialystok"]
[Date "2015.??.??"]
[Round "8"]
[White "Smirnov, Aleksander"]
[Black "Kostyra, Stanislaw"]
[Result "0-1"]
[WhiteElo "2147"]
[BlackElo "2243"]
[PlyCount "132"]
[EventDate "2015.05.01"]
[EventType "swiss"]
[EventRounds "9"]
[EventCountry "POL"]
[SourceTitle "CBM 166 Extra"]
[Source "ChessBase"]
[SourceDate "2015.06.18"]
[SourceVersion "1"]
[SourceVersionDate "2015.06.18"]
[SourceQuality "1"]

1. e4 e6 2. Qe2 c5 3. Nf3 Nc6 4. g3 g6 5. Bg2 Bg7 6. h4 h6 7. d3 d6 8. c3 Nge7 9. Be3 e5 10. Qd2 Bg4 11. Nh2 Be6 12. Na3 Qd7 13. f3 b6 14. Qe2 d5 15. Ng4 d4 16. Bd2 dxc3 17. bxc3 f5 18. Nf2 f4 19. g4 0-0 20. Nc2 c4 21. dxc4 Na5 22. Na3 Rac8 23. c5 Qa4 24. Bc1 Rxc5 25. Nd1 Qc6 26. Qb2 Nc8 27. Bf1 Nd6 28. Qc2 Rc8 29. Bd2 Ndc4 30. Nxc4 Nxc4 31. Bc1 Bf6 32. g5 hxg5 33. hxg5 Bg7 34. Rb1 Rd8 35. Bxc4 Bxc4 36. Rb2 Rd3 37. Qf2 Qd7 38. Rd2 Rxd2 39. Bxd2 Qd3 40. Bc1 Rc8 41. Qg2 Rd8 42. Qd2 Qxd2+ 43. Bxd2 Bxa2 44. Nb2 Bb3 45. Ke2 Bf8 46. Ra1 a5 47. Na4 Bc4+ 48. Ke1 Rd6 49. Rb1 b5 50. Nb2 Bb3 51. c4 b4 52. c5 Rc6 53. Nd3 Bc2 54. Nxe5 Rxc5 55. Rb2 b3 56. Nd7 Rxg5 57. e5 Be7 58. Bc3 Kf7 59. Nb6 Rg1+ 60. Ke2 Bc5 61. Nc4 a4 62. Nd2 Rg2+ 63. Ke1 Ke6 64. Ne4 Be3 65. Kf1 Rg1+ 66. Ke2 a3 0-1

[Event "Sokolka op 5th"]
[Site "Sokolka"]
[Date "2014.07.16"]
[Round "9"]
[White "Kostyra, Stanislaw"]
[Black "Widelski, Kacper"]
[Result "1-0"]
[WhiteElo "2254"]
[BlackElo "1688"]
[PlyCount "67"]
[EventDate "2014.07.08"]
[EventType "swiss"]
[EventRounds "9"]
[EventCountry "POL"]
[SourceTitle "CBM 161 Extra"]
[Source "ChessBase"]
[SourceDate "2014.08.29"]
[SourceVersion "1"]
[SourceVersionDate "2014.08.29"]
[SourceQuality "1"]

1. d4 Nf6 2. Nf3 g6 3. c4 c5 4. d5 b5 5. cxb5 a6 6. b6 Qxb6 7. Nc3 d6 8. Nd2 Bg7 9. e4 0-0 10. Be2 Nbd7 11. 0-0 Qc7 12. h3 Nb6 13. a4 Bb7 14. a5 Nbd7 15. Nc4 Ne8 16. Bg5 Qd8 17. Qd2 f5 18. exf5 gxf5 19. Rfe1 Nef6 20. Ra3 Ne5 21. Nb6 Rb8 22. Bh6 Qe8 23. Bxg7 Kxg7 24. f4 Ned7 25. Nc4 Ne4 26. Nxe4 fxe4 27. Bg4 Nf6 28. Be6 Bc8 29. Bxc8 Qxc8 30. Nb6 Qf5 31. Rg3+ Kh8 32. Rg5 e3 33. Qxe3 Qc2 34. Qxe7 1-0

[Event "Sokolka op 5th"]
[Site "Sokolka"]
[Date "2014.07.15"]
[Round "8"]
[White "Smirnov, Aleksander"]
[Black "Kostyra, Stanislaw"]
[Result "1/2-1/2"]
[WhiteElo "2144"]
[BlackElo "2254"]
[PlyCount "106"]
[EventDate "2014.07.08"]
[EventType "swiss"]
[EventRounds "9"]
[EventCountry "POL"]
[SourceTitle "CBM 161 Extra"]
[Source "ChessBase"]
[SourceDate "2014.08.29"]
[SourceVersion "1"]
[SourceVersionDate "2014.08.29"]
[SourceQuality "1"]

1. e4 e6 2. Qe2 c5 3. Nf3 Nc6 4. g3 g6 5. Bg2 Bg7 6. d3 Nge7 7. c3 e5 8. Nbd2 d6 9. Nc4 h6 10. Rb1 Be6 11. b3 b5 12. Ne3 b4 13. c4 a5 14. Nd5 Bg4 15. Be3 a4 16. Qc2 axb3 17. Rxb3 Qa5 18. 0-0 0-0 19. Rb2 Ra6 20. Bxh6 Nxd5 21. exd5 Bxf3 22. dxc6 Bxg2 23. Bxg7 Kxg7 24. Kxg2 Qc7 25. Qe2 Qxc6+ 26. Kg1 Re8 27. f3 Ra3 28. h4 d5 29. Rb3 Ra5 30. Rf2 d4 31. Rh2 Qf6 32. Rb2 Qf5 33. Kf1 Ra3 34. Rd2 Rc3 35. Kg2 Rc1 36. Rd1 Rxd1 37. Qxd1 Ra8 38. Qe2 Ra3 39. Rh1 Qxd3 40. Qxe5+ Kh7 41. Rf1 Rxa2+ 42. Rf2 b3 43. Qc7 Qxc4 44. h5 Rxf2+ 45. Kxf2 Qc2+ 46. Kg1 b2 47. Qxf7+ Kh6 48. Qf4+ Kh7 49. Qf7+ Kh6 50. Qf4+ Kh7 51. Qf7+ Kh6 52. Qf4+ Kh7 53. Qf7+ Kh6 1/2-1/2

[Event "Sokolka op 5th"]
[Site "Sokolka"]
[Date "2014.07.13"]
[Round "6"]
[White "Sernecki, Franciszek"]
[Black "Kostyra, Stanislaw"]
[Result "1/2-1/2"]
[WhiteElo "1802"]
[BlackElo "2254"]
[PlyCount "61"]
[EventDate "2014.07.08"]
[EventType "swiss"]
[EventRounds "9"]
[EventCountry "POL"]
[SourceTitle "CBM 161 Extra"]
[Source "ChessBase"]
[SourceDate "2014.08.29"]
[SourceVersion "1"]
[SourceVersionDate "2014.08.29"]
[SourceQuality "1"]

1. e4 e5 2. Nf3 Nc6 3. Bb5 a6 4. Ba4 b5 5. Bb3 Na5 6. Nxe5 Nxb3 7. axb3 Qe7 8. d4 d6 9. Nf3 Qxe4+ 10. Be3 Bb7 11. 0-0 Be7 12. Re1 Qf5 13. Nbd2 Bf6 14. Nf1 Ne7 15. Ng3 Qg6 16. c4 0-0 17. Qb1 Bxf3 18. gxf3 d5 19. cxd5 Nxd5 20. Qxg6 fxg6 21. Ne4 Be7 22. Nc3 Nxc3 23. bxc3 a5 24. Bf4 Bd8 25. Bd2 Rxf3 26. Re5 c6 27. Rc5 Ra6 28. d5 Rd3 29. dxc6 Rxd2 30. c7 Bxc7 31. Rxc7 1/2-1/2

[Event "Sokolka op 5th"]
[Site "Sokolka"]
[Date "2014.07.10"]
[Round "3"]
[White "Kostyra, Stanislaw"]
[Black "Szczepaniec, Stanislaw"]
[Result "1-0"]
[WhiteElo "2254"]
[BlackElo "1984"]
[PlyCount "89"]
[EventDate "2014.07.08"]
[EventType "swiss"]
[EventRounds "9"]
[EventCountry "POL"]
[SourceTitle "CBM 161 Extra"]
[Source "ChessBase"]
[SourceDate "2014.08.29"]
[SourceVersion "1"]
[SourceVersionDate "2014.08.29"]
[SourceQuality "1"]

1. d4 f5 2. g3 g6 3. Bg2 Bg7 4. Nf3 Nf6 5. c4 d6 6. Nc3 0-0 7. 0-0 Qe8 8. d5 Na6 9. Nd4 Bd7 10. Re1 c6 11. Bg5 Rb8 12. e4 fxe4 13. Nxe4 Qf7 14. Bxf6 Bxf6 15. Qd2 Bxd4 16. Qxd4 c5 17. Qd2 b5 18. cxb5 Rxb5 19. Bf1 Rb6 20. Bxa6 Rxa6 21. Qe2 Rb6 22. Ng5 Qf6 23. Qxe7 Qxe7 24. Rxe7 Rxb2 25. f4 Bf5 26. Rae1 h6 27. Ne6 Rfb8 28. Rg7+ Kh8 29. Rxa7 R2b7 30. Rxb7 Rxb7 31. Nd8 Rb1 32. Rxb1 Bxb1 33. a4 c4 34. Kf2 Be4 35. Nf7+ Kg7 36. Nxd6 Bxd5 37. Ke3 Kf6 38. Kd4 c3 39. Kxc3 g5 40. Kd4 Bc6 41. a5 gxf4 42. gxf4 Ke6 43. Kc5 Ba4 44. a6 h5 45. Nb7 1-0

[Event "Sokolka op 5th"]
[Site "Sokolka"]
[Date "2014.07.09"]
[Round "2"]
[White "Dabkus, Roman"]
[Black "Kostyra, Stanislaw"]
[Result "0-1"]
[WhiteElo "1795"]
[BlackElo "2254"]
[PlyCount "122"]
[EventDate "2014.07.08"]
[EventType "swiss"]
[EventRounds "9"]
[EventCountry "POL"]
[SourceTitle "CBM 161 Extra"]
[Source "ChessBase"]
[SourceDate "2014.08.29"]
[SourceVersion "1"]
[SourceVersionDate "2014.08.29"]
[SourceQuality "1"]

1. e4 e5 2. Nf3 Nc6 3. Nc3 Nf6 4. d4 exd4 5. Nxd4 Bb4 6. Nxc6 bxc6 7. Bd3 d5 8. exd5 cxd5 9. 0-0 0-0 10. Bg5 c6 11. Qf3 Bd6 12. Ne2 Bg4 13. Bxf6 Bxf3 14. Bxd8 Bxe2 15. Bxe2 Rfxd8 16. Bd3 Rab8 17. Rab1 Rb6 18. Rfe1 Rdb8 19. b3 Bb4 20. Re2 Kf8 21. g3 a5 22. Kg2 Bc3 23. a4 g6 24. f4 Re8 25. Rxe8+ Kxe8 26. f5 g5 27. Rf1 f6 28. Rf2 Rb4 29. Re2+ Be5 30. Rd2 Ke7 31. Ba6 Kd6 32. Kf3 h5 33. Bd3 Kc5 34. Rd1 Kd4 35. Bb5+ Kc5 36. Bd3 h4 37. Be2 Re4 38. Bd3 g4+ 39. Kf2 hxg3+ 40. hxg3 Bd4+ 41. Kg2 Re3 42. Rh1 Be5 43. Rh4 Rxg3+ 44. Kf2 Rf3+ 45. Kg2 Rf4 46. Rh8 g3 47. Kxg3 Rxa4+ 48. Kf3 Rf4+ 49. Kg2 a4 50. bxa4 Rxa4 51. Rh7 Rf4 52. Ra7 Kd4 53. Ra4+ Ke3 54. Rxf4 Bxf4 55. Kf1 Kd2 56. Ba6 c5 57. Bb7 d4 58. Be4 c4 59. Kf2 Be5 60. Bd5 d3 61. cxd3 c3 0-1

[Event "Bialystok Spring qual"]
[Site "Bialystok"]
[Date "2014.??.??"]
[Round "5"]
[White "Bartoszewicz, Marcin"]
[Black "Kostyra, Stanislaw"]
[Result "0-1"]
[WhiteElo "1888"]
[BlackElo "2255"]
[PlyCount "52"]
[EventDate "2014.04.??"]
[EventType "swiss"]
[EventRounds "9"]
[EventCountry "POL"]
[SourceTitle "EXT 2016"]
[Source "ChessBase"]
[SourceDate "2015.10.08"]
[SourceVersion "1"]
[SourceVersionDate "2015.10.08"]
[SourceQuality "1"]

1. e4 e5 2. Nf3 Nc6 3. Bb5 a6 4. Ba4 Nf6 5. 0-0 b5 6. Bb3 Bc5 7. Nxe5 Nxe5 8. d4 Bxd4 9. Qxd4 d6 10. Qe3 c5 11. c3 Bb7 12. Bc2 0-0 13. Qe2 Re8 14. Bg5 h6 15. Bxf6 Qxf6 16. Rd1 Nc4 17. b3 Nb6 18. Qf3 Qxf3 19. gxf3 d5 20. Nd2 a5 21. exd5 Nxd5 22. Be4 f5 23. Bxd5+ Bxd5 24. Nc4 Bxf3 25. Nd6 Re6 26. Rd2 Rd8 0-1

[Event "Bialystok-ch"]
[Site "Bialystok"]
[Date "2014.??.??"]
[Round "7"]
[White "Kostyra, Stanislaw"]
[Black "Bartoszewicz, Marcin"]
[Result "1/2-1/2"]
[WhiteElo "2260"]
[BlackElo "1952"]
[PlyCount "132"]
[EventDate "2014.11.08"]
[EventType "swiss"]
[EventRounds "7"]
[EventCountry "POL"]
[SourceTitle "CBM 163 Extra"]
[Source "ChessBase"]
[SourceDate "2014.12.23"]
[SourceVersion "1"]
[SourceVersionDate "2014.12.23"]
[SourceQuality "1"]

1. d4 Nf6 2. c4 g6 3. Nc3 Bg7 4. e4 d6 5. f3 0-0 6. Be3 c5 7. dxc5 dxc5 8. Bxc5 Nc6 9. Qxd8 Rxd8 10. Nge2 Nd7 11. Ba3 Nde5 12. Nf4 b6 13. Be2 Nd4 14. Bxe7 Rd7 15. Nfd5 Nc2+ 16. Kf2 Nxa1 17. Rxa1 Ba6 18. b3 Kh8 19. Bg5 h6 20. Be3 Nc6 21. Rd1 Bxc3 22. Nxc3 Rxd1 23. Bxd1 Kg7 24. Nd5 Rd8 25. Be2 Bb7 26. Bd2 Ne5 27. Bc3 f6 28. Ke3 Bxd5 29. cxd5 h5 30. Ba6 Nf7 31. Bb7 Nd6 32. Bc6 Kf7 33. a4 Nc8 34. b4 Nd6 35. Kd3 g5 36. b5 h4 37. a5 Nc8 38. Bd2 Kg6 39. Kd4 Nd6 40. Bb4 Kf7 41. a6 Ne8 42. e5 fxe5+ 43. Kxe5 Nf6 44. d6 g4 45. h3 gxh3 46. gxh3 Nd7+ 47. Kf5 Nf6 48. Bb7 Rh8 49. Kf4 Rh5 50. Be1 Ke6 51. Bc6 Rf5+ 52. Ke3 Nd5+ 53. Ke2 Nf4+ 54. Kd2 Kxd6 55. Bxh4 Nxh3 56. Bg3+ Kc5 57. Ke3 Ng5 58. f4 Nf7 59. Kd3 Nd6 60. Bf2+ Kb4 61. Bxb6 Nxb5 62. Be3 Nc7 63. Bb7 Kb5 64. Ke4 Rf8 65. Bxa7 Nxa6 66. Bxa6+ Kxa6 1/2-1/2

[Event "EU-ch rapid"]
[Site "Warsaw"]
[Date "2013.12.15"]
[Round "10"]
[White "Drozdowski, Kacper"]
[Black "Kostyra, Stanislaw"]
[Result "1-0"]
[WhiteElo "2463"]
[BlackElo "2270"]
[PlyCount "99"]
[EventDate "2013.12.14"]
[EventType "swiss (rapid)"]
[EventRounds "11"]
[EventCountry "POL"]
[SourceTitle "CBM 157 Extra"]
[Source "ChessBase"]
[SourceDate "2013.12.19"]
[SourceVersion "1"]
[SourceVersionDate "2013.12.19"]
[SourceQuality "1"]

1. e4 e5 2. Nf3 Nc6 3. Bb5 a6 4. Ba4 b5 5. Bb3 Na5 6. 0-0 d6 7. d4 exd4 8. Nxd4 Bb7 9. c4 c5 10. Nf5 g6 11. Ne3 Bg7 12. Nc3 Nf6 13. cxb5 Nxb3 14. Qxb3 0-0 15. bxa6 Bxa6 16. Rd1 Re8 17. Qc2 Bb7 18. f3 Ra6 19. Rb1 Nd7 20. b3 Bd4 21. Kh1 f5 22. Ned5 fxe4 23. fxe4 Qh4 24. Be3 Bxe3 25. Nxe3 Bxe4 26. Nxe4 Qxe4 27. Qxe4 Rxe4 28. Nd5 Re2 29. a4 Ne5 30. h3 Kg7 31. Nc7 Rc6 32. Ne8+ Kf7 33. Nxd6+ Ke6 34. Nb5 g5 35. a5 g4 36. hxg4 Nxg4 37. Rdc1 Kf5 38. Nd4+ cxd4 39. Rxc6 d3 40. Rf1+ Ke5 41. Rc5+ Ke6 42. Rcc1 Ne3 43. Rg1 d2 44. Ra1 d1Q 45. Rgxd1 Nxd1 46. Rxd1 Ra2 47. b4 Ra4 48. Rd4 h5 49. Kh2 Ra3 50. Rh4 1-0

[Event "EU-ch rapid"]
[Site "Warsaw"]
[Date "2013.12.14"]
[Round "7"]
[White "Kostyra, Stanislaw"]
[Black "Gdanski, Jacek"]
[Result "0-1"]
[WhiteElo "2270"]
[BlackElo "2506"]
[PlyCount "154"]
[EventDate "2013.12.14"]
[EventType "swiss (rapid)"]
[EventRounds "11"]
[EventCountry "POL"]
[SourceTitle "CBM 157 Extra"]
[Source "ChessBase"]
[SourceDate "2013.12.19"]
[SourceVersion "1"]
[SourceVersionDate "2013.12.19"]
[SourceQuality "1"]

1. d4 Nf6 2. Nf3 c5 3. dxc5 Qa5+ 4. Nc3 Qxc5 5. e4 d6 6. Be3 Qa5 7. Nd2 Nc6 8. h3 g6 9. Be2 Bg7 10. Nb3 Qc7 11. Qd2 0-0 12. Bh6 Be6 13. Bxg7 Kxg7 14. Nd4 Nxd4 15. Qxd4 Rfc8 16. 0-0 Qc5 17. Rad1 Rab8 18. Qxc5 Rxc5 19. Rd4 Rbc8 20. Rfd1 g5 21. R1d2 h5 22. Kf1 h4 23. Ke1 Nd7 24. Kd1 Ne5 25. Nd5 Nc6 26. Rc4 Rxc4 27. Bxc4 Ne5 28. Be2 Bxd5 29. Rxd5 Rc6 30. Kd2 Kf6 31. c3 e6 32. Rd4 Ke7 33. Rb4 Rc7 34. Ke3 Nc6 35. Rb5 Ne5 36. Rb4 Kf6 37. Rd4 Rc6 38. Rb4 b6 39. Rd4 Ke7 40. Bb5 Rc5 41. Be2 Kd7 42. Bf1 Kc7 43. Be2 Nc6 44. Rd1 Re5 45. f4 gxf4+ 46. Kxf4 Ne7 47. Bf3 Ng6+ 48. Ke3 Rg5 49. Rd2 Ne5 50. Rf2 Rg3 51. b3 Kd8 52. Rd2 Ke7 53. Kf4 Nxf3 54. gxf3 Rxh3 55. Rf2 Rg3 56. Rh2 e5+ 57. Ke3 Rg1 58. c4 Re1+ 59. Kd2 Ra1 60. Ke3 a5 61. Kd3 Rd1+ 62. Ke3 Ra1 63. Kd3 Kf6 64. Ke3 Kg5 65. Rg2+ Kh5 66. f4 h3 67. Rg8 Rxa2 68. Rh8+ Kg4 69. Rg8+ Kh4 70. Kf3 exf4 71. Rh8+ Kg5 72. Rg8+ Kf6 73. Kxf4 Rf2+ 74. Ke3 Rb2 75. Kd4 Rxb3 76. Rh8 a4 77. Rh6+ Kg7 0-1

[Event "EU-ch rapid"]
[Site "Warsaw"]
[Date "2013.12.14"]
[Round "6"]
[White "Kuzmicz, Krystian"]
[Black "Kostyra, Stanislaw"]
[Result "1/2-1/2"]
[WhiteElo "2451"]
[BlackElo "2270"]
[PlyCount "183"]
[EventDate "2013.12.14"]
[EventType "swiss (rapid)"]
[EventRounds "11"]
[EventCountry "POL"]
[SourceTitle "CBM 157 Extra"]
[Source "ChessBase"]
[SourceDate "2013.12.19"]
[SourceVersion "1"]
[SourceVersionDate "2013.12.19"]
[SourceQuality "1"]

1. c4 e6 2. g3 d5 3. Bg2 Nf6 4. Nf3 Be7 5. 0-0 0-0 6. b3 a5 7. Bb2 a4 8. d3 Na6 9. Nbd2 a3 10. Bc3 Bb4 11. Qc2 c5 12. cxd5 Bxc3 13. Qxc3 Nxd5 14. Qc1 b5 15. Qxa3 Bb7 16. Qb2 b4 17. Ne5 Qc7 18. Nec4 Nc3 19. Ne4 Bxe4 20. Bxe4 Rad8 21. Bg2 Nb8 22. Rfc1 Nc6 23. Bxc6 Qxc6 24. Ne3 Ra8 25. Nd1 Nb5 26. d4 Qe4 27. dxc5 Nd4 28. Ne3 Qe5 29. Rab1 Rfd8 30. c6 Qb5 31. Rc4 Nxc6 32. Rbc1 Ne7 33. Rg4 Ng6 34. h4 Qa5 35. Rc2 Rd7 36. Rg5 Qd8 37. Rg4 Qa5 38. Kh2 h6 39. Rgc4 Rad8 40. Qc1 Qb6 41. Qe1 Rb7 42. Rd2 Ra8 43. Qa1 Qa5 44. Qd4 Rab8 45. Qc5 Qxc5 46. Rxc5 Ne7 47. Kg2 Ra7 48. Rc4 Kf8 49. Kf3 f6 50. Rdd4 Rab7 51. Rd6 Kf7 52. Ra6 Ng6 53. Kg2 Ne5 54. Rc5 Rd8 55. Nc4 Nxc4 56. Rxc4 Rd2 57. Kf3 e5 58. Ke3 Rb2 59. Kf3 h5 60. Ra4 Rd7 61. Rcxb4 Rdd2 62. Re4 Rxa2 63. Rxa2 Rxa2 64. Rb4 Rb2 65. Rb7+ Kg6 66. Ke3 Kh6 67. Kd3 g5 68. b4 gxh4 69. gxh4 Kg6 70. f3 Kf5 71. b5 Kf4 72. b6 f5 73. Rb8 Rb1 74. b7 Rb6 75. e4 Kxf3 76. exf5 e4+ 77. Kd4 e3 78. Kc5 Rb1 79. Kc6 e2 80. Re8 Rc1+ 81. Kd7 Rd1+ 82. Kc8 Rc1+ 83. Kb8 e1Q 84. Rxe1 Rxe1 85. f6 Kg4 86. Kc7 Rc1+ 87. Kd6 Rd1+ 88. Kc7 Rc1+ 89. Kd8 Rd1+ 90. Kc8 Rc1+ 91. Kd8 Rd1+ 92. Kc8 1/2-1/2